| 000 | 01051cam a2200277 4500 | ||
|---|---|---|---|
| 008 | 000000n2000 000 0 eng u | ||
| 020 | _a1903208033 | ||
| 035 | _a(Sirsi) u108801 | ||
| 041 | _aENG | ||
| 050 | _a306.3 | ||
| 100 | _aWilcox, Steve | ||
| 245 | _aHousing finance review 2000/2001 | ||
| 250 | _a9th | ||
| 260 |
_aYork _bJoseph Rowntree Foundation _c2000 |
||
| 300 | _a223p. ; 21cm x 30cm | ||
| 350 | _a26.00 | ||
| 520 | _aFeatures over 200 charts and tables including data about UK and international economic trends; public expenditure plans; housing stock and conditions; household characteristics and incomes; house prices and market trends; housing investment by councils and housing associations; rents and revenue spending; homelessness and lettings; subsidies, tax reliefs and benefits | ||
| 650 | _aHOUSE PRICES | ||
| 650 | _aHOUSE SALES | ||
| 650 | _aHOUSING CONDITIONS | ||
| 650 | _aHOUSING FINANCE | ||
| 650 | _aSTATISTICS | ||
| 690 | _aHOUSING | ||
| 710 |
_aJoseph Rowntree Foundation _92318 |
||
| 942 | _n0 | ||
| 999 |
_c100855 _d100855 |
||